Metodología para la evaluación de competencias profesionales de egreso a los estudiantes del Decanato de Administración (Record no. 916)

MARC details
000 -LEADER
campo de control de longitud fija 02783nam a2200577Ia 4500
001 - NÚMERO DE CONTROL
campo de control 998
008 - DATOS DE LONGITUD FIJA--INFORMACIÓN GENERAL
campo de control de longitud fija 241029s9999 xx 000 0 und d
010 ## - NÚMERO DE CONTROL DE LA BIBLIOTECA DEL CONGRESO
Número de control de LC 916
041 ## - CÓDIGO DE IDIOMA
Código de lengua del texto/banda sonora o título independiente Español
082 ## - NÚMERO DE LA CLASIFICACIÓN DECIMAL DEWEY
Número de clasificación TPG MMM-03 2007
245 #0 - MENCIÓN DEL TÍTULO
Título Metodología para la evaluación de competencias profesionales de egreso a los estudiantes del Decanato de Administración
260 ## - PUBLICACIÓN, DISTRIBUCIÓN, ETC.
Lugar de publicación, distribución, etc. Santo Domingo
300 ## - DESCRIPCIÓN FÍSICA
Extensión 90
520 ## - RESUMEN, ETC.
Sumario, etc. 18
520 ## - RESUMEN, ETC.
Sumario, etc. El propósito de esta tesis es proporcionar a la comunidad educativa dominicana una metodología de evaluación basada en el enfoque de competencias, dirigido a perfeccionar un sistema de evaluación de competencias profesionales de los egresados de la Licenciatura en Administración de empresas de la Universidad APEC, en correspondencia con las exigencias de un  mundo global.En esta investigación se emplearon los siguientes métodos y técnicas: a nivel teórico, el análisis síntesis, inducción deducción, histórico lógico, y el enfoque sistemático a nivel empírico-experimental, fueron utilizadas fuentes documentales, encuestas a docentes  y estudiantes, y el método de expertos mediante la técnica del PHI.La propuesta contiene un sistema de evaluación que toma en cuenta las evidencias de conocimientos, desempeño y producto sustentadas en un proceso que conlleva varias etapas, las cuales comprenden: la planeación de la evaluación, recolección de las evidencias, análisis y juicio de las evidencias, tomar decisiones y retroalimentar el proceso de evaluación, y los instrumentos requeridos para cada tipo de evidencia.
630 ## - PUNTO DE ACCESO ADICIONAL DE MATERIA--TÍTULO UNIFORME
Título uniforme Calidad Educativa
630 ## - PUNTO DE ACCESO ADICIONAL DE MATERIA--TÍTULO UNIFORME
Título uniforme Competencia Profesional
630 ## - PUNTO DE ACCESO ADICIONAL DE MATERIA--TÍTULO UNIFORME
Título uniforme Desempeño Profesional
630 ## - PUNTO DE ACCESO ADICIONAL DE MATERIA--TÍTULO UNIFORME
Título uniforme Egresados
630 ## - PUNTO DE ACCESO ADICIONAL DE MATERIA--TÍTULO UNIFORME
Título uniforme Evaluación del Desempeño
650 ## - PUNTO DE ACCESO ADICIONAL DE MATERIA--TÉRMINO DE MATERIA
Término de materia o nombre geográfico como elemento de entrada Competencias Educativas
690 ## - PUNTO DE ACCESO ADICIONAL DE MATERIA LOCAL--TÉRMINO DE MATERIA (OCLC, RLIN)
Término de materia o nombre geográfico como elemento inicial Sintetizado
700 ## - ENTRADA AGREGADA--NOMBRE PERSONAL
Término indicativo de función/relación asesor
Nombre de persona Ortiz, Raúl
700 ## - ENTRADA AGREGADA--NOMBRE PERSONAL
Término indicativo de función/relación autor
Nombre de persona Mejía Calderón, Ramona Lorenza
700 ## - ENTRADA AGREGADA--NOMBRE PERSONAL
Término indicativo de función/relación asesor
Nombre de persona Núñez, Mari Luz
901 ## - ELEMENTOS DE DATOS A LOCAL LDA (RLIN)
a {"1":"Mejía Calderón"}
b {"1":"Ramona Lorenza"}
902 ## - ELEMENTOS DE DATOS B LOCAL, LDB (RLIN)
a 2
903 ## - ELEMENTOS DE DATOS C LOCAL, LDC (RLIN)
a {"1":"Núñez","2":"Ortiz"}
b {"1":"Mari Luz","2":"Raúl"}
904 ## - ELEMENTOS DE DATOS D LOCAL, LDD (RLIN)
a Maestría en
905 ## - ELEMENTOS DE DATOS E LOCAL, LDE (RLIN)
a Ciencias de la Educación
906 ## - ELEMENTOS DE DATOS F LOCAL, LDF (RLIN)
a 1
907 ## - ELEMENTOS DE DATOS G LOCAL, LDG (RLIN)
a Mención en
908 ## - COLOCAR PARÁMETRO DE COMANDO (RLIN)
Colocar parámetro de comando Enseñanza de la Matemática Superior
909 ## -
-- Universidad Acción Pro Educación y Cultura (UNAPEC)
910 ## - DATOS DE OPCIÓN DEL USUARIO (OCLC)
Datos de opción del usuario NULL
-- NULL
911 ## - EQUIVALENCIA O REFERENCIA-CRUZADA-NOMBRE DE CONFERENCIA O REUNIÓN/CONGRESO [LOCAL, CANADÁ]
Nombre de congreso/reunión o jurisdicción como elemento de entrada ["1"]
912 ## -
-- Universidad de Camagüey (UC), Cuba
913 ## -
-- NULL
914 ## -
-- 03 de Septiembre de 2007
915 ## -
-- 16/07/14 08:07
916 ## -
-- NULL
917 ## -
-- NULL
918 ## -
-- NO APLICA
919 ## -
-- ["29","39","63","85","100"]
921 ## -
-- 16
922 ## -
-- 16
923 ## -
-- 0
924 ## -
-- NO APLICA
942 ## - ELEMENTOS DE ENTRADA SECUNDARIOS (KOHA)
Tipo de ítem Koha

No items available.

© 2024. Todos los Derechos Reservados. Desarrollado por IDEICE